ბათუმის შოთა რუსთაველის სახელმწიფო უნივერსიტეტის ბიბლიოთეკა

ფინანსების თეორია ქართული პრაქტიკით : (ბიბ.ჩანაწერი № 38971)

000 -ლიდერი
ფიქსირებული სიგრძის საკონტროლო ველი 01205nam a2200253Ia 4500
001 - საკონტროლო ნომერი
საკონტროლო ველი 5429
003 - საკონტროლო ნომრის იდენტიფიკატორი
საკონტროლო ველი GE_BSU
005 - ბოლო ოპერაციის თარიღი და დრო
საკონტროლო ველი 20191023112733.0
008 - ფიქსირებული სიგრძის მონაცემთა ელემენტები - ზოგადი ინფორმაცია
ფიქსირებული სიგრძის საკონტროლო ველი 181216s||||||||xx |||||||||||||| ||und||
020 ## - წიგნის საერთაშორისო სტანდარტული ნომერი
International Standard Book Number 9789941013935
040 ## - კატალოგიზაციის წყარო
Transcribing agency GE_BSU
080 ## - უნივერსალური ათობითი კლასიფიკაციის ინდექსი
Universal Decimal Classification number 336.01(075.8) ვ-18
100 ## - მთავარი ჩანაწერი - პიროვნების სახელი
Personal name ვანიშვილი, მერაბ
9 (RLIN) 4941
245 ## - ცნობა სათაურის შესახებ
Title ფინანსების თეორია ქართული პრაქტიკით :
Remainder of title ლექციების კურსი /
Statement of responsibility, etc მეცნიერ რედ. კარლო ღურწკაია.
264 ## - წარმოების, გამოცემის, დისტრიბუციის და სხვა ცნობები
გამოცემის, წარმოების, დისტრიბუციის... ადგილი თბილისი :
გამოცემის, წარმოების, დისტრიბუციის... სახელწოდება საზოგადოება ცოდნა,
გამოცემის, წარმოების, დისტრიბუციის... თარიღი 2010.
300 ## - ფიზიკური აღწერა
Extent 388 გვ.;
Other physical details ცხრ. ;
Dimensions 20 სმ.
504 ## - BIBLIOGRAPHY, ETC. NOTE
Bibliography, etc ბიბლიოგრ.: გვ. 378-382.
653 ## - INDEX TERM--UNCONTROLLED
Uncontrolled term ეკონომიკა;
653 ## - INDEX TERM--UNCONTROLLED
Uncontrolled term საოჯახო მეურნეობის ფინანსები;
653 ## - INDEX TERM--UNCONTROLLED
Uncontrolled term სახელმწიფო ბიუჯეტი;
700 ## - ADDED ENTRY--PERSONAL NAME
Personal name ნოზაძე, მზევინარ
Relator term ავტორი
9 (RLIN) 4942
700 ## - ADDED ENTRY--PERSONAL NAME
Personal name ღურწკაია, კარლო
Relator term რედაქტორი
9 (RLIN) 3333
942 ## - ADDED ENTRY ELEMENTS (KOHA)
Koha item type წიგნი
Source of classification or shelving scheme
ეგზემპლარები
ჩამოწერის სტატუსი დაკარგული ეგზემპლარის სტატუსი კლასიფიკაციის წყარო ან თაროზე გაწყობის სქემა დაზიანების სტატუსი არ გაიცემა მუდმივი მდებარეობა (დაცვის ადგილი) ამჟამინდელი ადგილსამყოფელი თაროზე განთავსების ადგილი შეძენის თარიღი სრული შენახვის შიფრი შტრიხკოდი ბოლო ოპერაციის თარიღი ეგზემპლარის მიმდევრობითი ნომერი (კეტერი?) ფასის ძალაში შესვლის თარიღი ეგზემპლარის სახეობა
          ბათუმის შოთა რუსთაველის სახელმწიფო უნივერსიტეტის მთავარი ბიბლიოთეკა ბათუმის შოთა რუსთაველის სახელმწიფო უნივერსიტეტის მთავარი ბიბლიოთეკა წიგნსაცავი 2018-12-17 336.01(075.8) ვ-18 6440 2018-12-17 6440 2018-12-17 წიგნი